Cartilla 2016. Laboral y Seguridad Social

Detalles Bibliográficos
Autor principal: Chavarro Cadena, Jorge Enrique
Otros Autores: Cortes Guzman, Guillermo
Formato: Libro
Lenguaje:español
Publicado: Colombia Editorial Nueva Legislacin̤ 2016
Materias:
Acceso en línea:Acceso restringido

MARC

LEADER 00000nam a22000007a 4500
005 20160607113528.0
007 cr|||| ||u|
008 160607s2016 ck |||||||||| 00||0 spa d
020 |a 978-958-59217-8-8 
035 |a 1428 
040 |a vLex 
090 |c 6160  |d 6160 
100 1 |a Chavarro Cadena, Jorge Enrique 
245 1 0 |a Cartilla 2016. Laboral y Seguridad Social  |h [Recurso electrn̤ico] /  |c Jorge Enrique Chavarro Cadena  
256 |a Servicio en ln̕ea  
260 |a Colombia  |b Editorial Nueva Legislacin̤  |c 2016 
300 |a 1 recurso electrn̤ico (284 pg̀inas) 
500 |a Con aplicaciones contables y tributarias, comentarios, doctrina y jurisprudencia. Actualizada con los decretos n︢icos reglamentarios 1070 y 1072 
506 1 |a Contenido solo disponible en los productos indicados  |d vLex Global  |d vLex Global (Academic Edition, excluding Law Schools)  |d vLex Global (U.S. Academic Edition, Law Schools)  |d vLex Global (U.S. Academic Edition, excluding Law Schools)  |d vLex Global (Academic Edition, Law Schools) 
650 0 4 |a Seguridad social  |z Colombia 
700 1 |a Cortes Guzman, Guillermo  
740 0 |a vLex libros (servicio en ln̕ea)  
856 4 0 |u http://vlex.com/source/cartilla-2016-laboral-seguridad-social-14280  |z Acceso restringido 
942 |c BOOK 
999 0 |a Social security  |b Colombia